[Event "Paul Keres Memorial 2015"]
[Site "Tallinn EST"]
[Date "2016.01.08"]
[Round "1.1"]
[White "Svidler, Peter"]
[Black "Narva, Mai"]
[Result "1-0"]
[WhiteTitle "GM"]
[BlackTitle "WIM"]
[WhiteElo "2751"]
[BlackElo "2085"]
[WhiteFideId "4102142"]
[BlackFideId "4500512"]
[EventDate "2016.01.08"]

1. e4 c5 2. Nf3 Nc6 3. Bb5 g6 4. Bxc6 bxc6 5. O-O Bg7 6. Re1 Nh6 7. c3 O-O 8. d4
cxd4 9. cxd4 d5 10. e5 Bg4 11. Nbd2 f6 12. h3 Bxf3 13. Nxf3 fxe5 14. Bxh6 Bxh6
15. Rxe5 Bg7 16. Re6 Qd7 17. Qe2 Rfe8 18. Re1 Bf6 19. Qd2 Rac8 20. b4 Kg7 21.
Nh2 Rf8 22. Ng4 Rf7 23. h4 Rd8 24. h5 g5 25. h6+ Kf8 26. Ne5 Bxe5 27. R1xe5 Rf6
28. Qxg5 Qxe6 29. Rxe6 Rxe6 30. Qf5+ Rf6 31. Qxh7 Ke8 32. g4 Kd7 33. g5 Rff8 34.
g6 Rh8 35. Qxh8 Rxh8 36. g7 Rg8 37. Kf1 1-0

[Event "Paul Keres Memorial 2015"]
[Site "Tallinn EST"]
[Date "2016.01.08"]
[Round "1.2"]
[White "Rauk, Tonu"]
[Black "Kovalenko, Igor"]
[Result "0-1"]
[BlackTitle "GM"]
[WhiteElo "2152"]
[BlackElo "2680"]
[WhiteFideId "4501110"]
[BlackFideId "14117908"]
[EventDate "2016.01.08"]

1. d4 e6 2. Nf3 b6 3. c4 Bb7 4. a3 Nf6 5. Nc3 Ne4 6. Qc2 Nxc3 7. Qxc3 Qf6 8. g3
Bxf3 9. Qxf3 Qxf3 10. exf3 Nc6 11. Be3 a5 12. Rc1 Be7 13. d5 Nd8 14. dxe6 fxe6
15. Bd3 Bc5 16. Be4 Rb8 17. Rd1 Nf7 18. Bf4 Bd6 19. Be3 Ke7 20. Ke2 h6 21. h4
Bc5 22. Bf4 Rhc8 23. h5 b5 24. cxb5 Rxb5 25. Rd2 Bd6 26. Be3 Be5 27. Rb1 Bf6 28.
f4 Rxh5 29. Bg6 Rd5 30. Rxd5 exd5 31. Bd2 Ra8 32. b3 Nd6 33. Kd3 c5 34. Be3 Rc8
35. Rd1 Nb5 36. Rc1 Kd6 37. a4 Nd4 38. Bxd4 Bxd4 39. f3 Rb8 40. Rb1 Bf2 41. g4
Rb4 42. f5 Bh4 43. Kc2 Bf6 44. Bf7 Bg5 45. Rd1 d4 46. Re1 Be3 47. Kd3 Ke5 48.
Re2 d5 49. f4+ Kd6 50. Rc2 Rxb3+ 0-1

[Event "Paul Keres Memorial 2015"]
[Site "Tallinn EST"]
[Date "2016.01.08"]
[Round "1.4"]
[White "Muutnik, Valdo"]
[Black "Fridman, Daniel"]
[Result "0-1"]
[BlackTitle "GM"]
[WhiteElo "2098"]
[BlackElo "2624"]
[WhiteFideId "4500830"]
[BlackFideId "11600454"]
[EventDate "2016.01.08"]

1. d4 d5 2. Nf3 Nf6 3. c4 e6 4. Nc3 c6 5. e3 a6 6. Qc2 c5 7. dxc5 Bxc5 8. cxd5
exd5 9. a3 O-O 10. Be2 Nc6 11. O-O Qe7 12. Rd1 Be6 13. Ng5 d4 14. Nxe6 fxe6 15.
Na4 Ba7 16. Bf3 Rac8 17. exd4 Nxd4 18. Qd3 Nxf3+ 19. Qxf3 Nd5 20. Qg4 Rxf2 21.
Kh1 Rcc2 22. Bg5 Qf7 23. Rg1 h6 24. Bxh6 Nf6 25. Qg5 Rf5 26. Qg3 Ne4 0-1

[Event "Paul Keres Memorial 2015"]
[Site "Tallinn EST"]
[Date "2016.01.08"]
[Round "1.5"]
[White "Matlakov, Maxim"]
[Black "Sarapik, Kristjan"]
[Result "1-0"]
[WhiteTitle "GM"]
[WhiteElo "2682"]
[BlackElo "2032"]
[WhiteFideId "4168003"]
[BlackFideId "4502710"]
[EventDate "2016.01.08"]

1. e4 Nc6 2. Nf3 d6 3. d4 Nf6 4. Nc3 Bg4 5. Bb5 a6 6. Bxc6+ bxc6 7. h3 Bh5 8.
Bg5 Qb8 9. Qd2 e6 10. O-O-O Qb4 11. Rhe1 Rb8 12. b3 Qa5 13. Kb1 d5 14. Nxd5 Qxd2
15. Nxf6+ gxf6 16. Bxd2 c5 17. g4 Bg6 18. Bc3 c4 19. Nd2 cxb3 20. axb3 h5 21.
Kb2 hxg4 22. hxg4 Bh6 23. Nc4 Bf4 24. Ra1 Rh2 25. f3 Rf2 26. Rf1 Rxf1 27. Rxf1
Kd7 28. Bd2 Bd6 29. Rh1 e5 30. Bc3 exd4 31. Bxd4 Ke6 32. Ra1 Rh8 33. Rxa6 Rh3
34. Nd2 Kd7 35. Be3 Be5+ 36. c3 c6 37. b4 Rh2 38. Kc2 Re2 39. Kd3 Re1 40. Nc4
Rf1 41. Ke2 Rb1 42. Ra7+ Ke8 43. Kd3 Rf1 44. Ke2 Rb1 45. Bc5 Rc1 46. Bd4 Bxd4
47. Nd6+ Kd8 48. cxd4 Rc2+ 49. Ke3 Rc3+ 50. Kf4 Rb3 51. Nxf7+ 1-0

[Event "Paul Keres Memorial 2015"]
[Site "Tallinn EST"]
[Date "2016.01.08"]
[Round "1.6"]
[White "Makin, Kirill"]
[Black "Berkes, Ferenc"]
[Result "0-1"]
[BlackTitle "GM"]
[WhiteElo "1918"]
[BlackElo "2652"]
[WhiteFideId "4503112"]
[BlackFideId "718572"]
[EventDate "2016.01.08"]

1. e4 c6 2. d4 d5 3. exd5 cxd5 4. c4 Nf6 5. Nc3 e6 6. Nf3 Bb4 7. Qb3 Nc6 8. Bg5
O-O 9. c5 h6 10. Be3 Ne4 11. Bd3 f5 12. O-O Ba5 13. Bf4 g5 14. Be5 g4 15. Bxe4
fxe4 16. Ne1 Nxe5 17. dxe5 Bc7 18. f4 gxf3 19. gxf3 Bxe5 20. Ne2 Bd7 21. Rf2 Kh7
22. fxe4 Rxf2 23. Kxf2 Qh4+ 24. Kg1 Qxh2+ 25. Kf1 Rf8+ 26. Nf3 dxe4 27. Ng1 Bg3 0-1

[Event "Paul Keres Memorial 2015"]
[Site "Tallinn EST"]
[Date "2016.01.08"]
[Round "1.7"]
[White "Eljanov, Pavel"]
[Black "Grinblat, Artemiy"]
[Result "1-0"]
[WhiteTitle "GM"]
[WhiteElo "2760"]
[BlackElo "2141"]
[WhiteFideId "14102951"]
[BlackFideId "14135272"]
[EventDate "2016.01.08"]

1. d4 e6 2. c4 d5 3. Nf3 c6 4. e3 f5 5. Be2 Nd7 6. O-O Bd6 7. b3 Nh6 8. Ba3 Qe7
9. Bxd6 Qxd6 10. Nbd2 O-O 11. Ne1 Nf6 12. Nd3 b6 13. Rc1 Bb7 14. c5 Qe7 15. Nf3
Rfc8 16. Nfe5 Nf7 17. Nxf7 Qxf7 18. Ne5 Qe7 19. b4 Nd7 20. Nxd7 Qxd7 21. a4 Qe7
22. Qd2 Rc7 23. Rc2 Rac8 24. cxb6 axb6 25. a5 bxa5 26. bxa5 c5 27. a6 Ba8 28.
dxc5 Rxc5 29. Rxc5 Qxc5 30. Qd4 Qd6 31. f4 Rc2 32. Bb5 h6 33. Rb1 Qa3 34. Bf1
Bc6 35. Qe5 d4 36. Qxe6+ 1-0

[Event "Paul Keres Memorial 2015"]
[Site "Tallinn EST"]
[Date "2016.01.08"]
[Round "1.8"]
[White "Kopsa, Petri"]
[Black "Vitiugov, Nikita"]
[Result "0-1"]
[BlackTitle "GM"]
[WhiteElo "2035"]
[BlackElo "2721"]
[WhiteFideId "1706594"]
[BlackFideId "4152956"]
[EventDate "2016.01.08"]

1. e4 c5 2. Nf3 e6 3. g3 Nc6 4. d3 d5 5. Qe2 Nf6 6. Bg2 Be7 7. O-O b5 8. exd5
exd5 9. d4 c4 10. Ne5 Nxd4 11. Qd1 Bc5 12. Be3 Ne6 13. Bxc5 Nxc5 14. Nc3 Bb7 15.
Nxb5 O-O 16. Nd4 Re8 17. Re1 Qb6 18. b3 cxb3 19. axb3 Nce4 20. Nef3 Ng4 21. Rf1
Ba6 22. Rxa6 Qxa6 23. h3 Ngf6 24. Nh4 Nc3 25. Qd2 Nfe4 26. Qc1 Qf6 27. Nhf3 a5
28. g4 a4 29. h4 a3 30. g5 Qb6 31. Qf4 a2 32. Ra1 Qd6 33. Qg4 g6 34. Bh3 Qa3 35.
Nf5 gxf5 36. Qxf5 Qc5 37. Ne5 Rxe5 0-1

[Event "Paul Keres Memorial 2015"]
[Site "Tallinn EST"]
[Date "2016.01.08"]
[Round "1.9"]
[White "Motylev, Alexander"]
[Black "Linik, Yaron"]
[Result "1-0"]
[WhiteTitle "GM"]
[WhiteElo "2656"]
[BlackElo "2122"]
[WhiteFideId "4121830"]
[BlackFideId "2805995"]
[EventDate "2016.01.08"]

1. e4 e6 2. d4 d5 3. Nc3 Bb4 4. e5 c5 5. a3 Bxc3+ 6. bxc3 Ne7 7. Qg4 Qc7 8. Bd3
cxd4 9. Ne2 dxc3 10. Qxg7 Rg8 11. Qxh7 Nbc6 12. Bf4 Bd7 13. O-O O-O-O 14. Qxf7
Rdf8 15. Qh5 Nf5 16. Bxf5 Rxf5 17. Qh7 Qd8 18. Bg3 Nxe5 19. Bxe5 Rxe5 20. Qd3
Bc6 21. Nd4 Qg5 22. g3 Qg4 23. Qxc3 Qh3 24. Nxc6 Rh5 25. Ne5+ Kd8 26. Nf3 Rf8
27. Rfe1 Rhf5 28. Rxe6 Rxf3 29. Rd6+ Ke8 30. Re1+ 1-0

[Event "Paul Keres Memorial 2015"]
[Site "Tallinn EST"]
[Date "2016.01.08"]
[Round "1.10"]
[White "Medar, Marti"]
[Black "Howell, David W L"]
[Result "0-1"]
[BlackTitle "GM"]
[WhiteElo "1984"]
[BlackElo "2685"]
[WhiteFideId "4501870"]
[BlackFideId "410608"]
[EventDate "2016.01.08"]

1. d4 Nf6 2. Nf3 b6 3. g3 Bb7 4. Bg2 g6 5. O-O Bg7 6. c4 O-O 7. Nc3 Ne4 8. Qd3
Nxc3 9. bxc3 d6 10. Ne1 Nc6 11. Nc2 Qd7 12. Bd2 Rac8 13. e4 Na5 14. Ne3 Qa4 15.
Rfb1 c5 16. d5 Ba6 17. Bf1 Rfe8 18. Rb2 e6 19. Qc2 Qxc2 20. Rxc2 exd5 21. exd5
Rc7 22. f4 Rce7 23. Kf2 Bc8 24. Bd3 Bd7 25. Rcc1 Bc8 26. Rab1 Kf8 27. Kf3 h5 28.
Kf2 Ba6 29. Rc2 Rb8 30. h3 Rbe8 31. Rg1 Bc8 32. g4 hxg4 33. hxg4 Bf6 34. g5 Bg7
35. Rh1 Bd7 36. Rcc1 Bc8 37. Rb1 Ba6 38. Rh4 Rxe3 39. Bxe3 Nxc4 40. Bxc4 Bxc4
41. f5 Bd3 42. Rc1 Bxf5 43. Bf4 Rd8 44. Rhh1 b5 45. Rhe1 a5 46. a3 f6 47. Re2
fxg5 48. Bxg5 Rd7 49. Rb2 b4 50. axb4 axb4 51. Bd2 Ra7 52. Be1 Ra3 53. Kf3 Be5
54. Bd2 Kg7 55. Kf2 Kf6 56. Ke2 bxc3 0-1

[Event "Paul Keres Memorial 2015"]
[Site "Tallinn EST"]
[Date "2016.01.08"]
[Round "2.1"]
[White "Kashtanov, Ruslan"]
[Black "Svidler, Peter"]
[Result "0-1"]
[WhiteTitle "IM"]
[BlackTitle "GM"]
[WhiteElo "2346"]
[BlackElo "2751"]
[WhiteFideId "4124871"]
[BlackFideId "4102142"]
[EventDate "2016.01.08"]

1. e4 c5 2. Nf3 d6 3. d4 cxd4 4. Nxd4 Nf6 5. Nc3 a6 6. Be3 e5 7. Nb3 Be6 8. h3
Be7 9. g4 d5 10. exd5 Nxd5 11. Bg2 Nxe3 12. Qxd8+ Bxd8 13. fxe3 Bh4+ 14. Ke2
Bc4+ 15. Kf3 Nc6 16. Nc5 O-O 17. Bf1 e4+ 18. N5xe4 Ne5+ 19. Kg2 Rad8 20. b3 Be6
21. Be2 Rc8 22. Rac1 Rc6 23. Rhd1 Rfc8 24. Na4 b5 25. Nb2 Rxc2 26. Rxc2 Rxc2 27.
Rd2 Bd5 28. Rxd5 Rxe2+ 29. Kf1 Re1+ 30. Kg2 f6 31. Nd1 Re2+ 32. Kf1 Rxa2 33. Rd6
b4 34. Rd2 Ra3 35. Nc5 a5 36. Ke2 Kf7 37. Nb2 Ra1 38. Rd1 Ra2 39. Rd2 g6 40. e4
Bg5 41. Rc2 Bc1 42. Nca4 Bxb2 43. Nxb2 Ra3 44. Nc4 Nxc4 45. Rxc4 Rxb3 46. Rc7+
Ke6 47. Rxh7 a4 48. Ra7 a3 49. h4 Rb2+ 50. Kd3 a2 51. h5 gxh5 52. gxh5 b3 53. h6
Rh2 54. Kc3 Rh1 55. h7 Rxh7 56. Ra6+ Ke5 57. Kxb3 Kxe4 58. Kb2 Rb7+ 59. Ka1 f5
60. Ra4+ Ke5 0-1

[Event "Paul Keres Memorial 2015"]
[Site "Tallinn EST"]
[Date "2016.01.08"]
[Round "2.2"]
[White "Kovalenko, Igor"]
[Black "Putka, Verners"]
[Result "1-0"]
[WhiteTitle "GM"]
[WhiteElo "2680"]
[BlackElo "2307"]
[WhiteFideId "14117908"]
[BlackFideId "11600659"]
[EventDate "2016.01.08"]

1. e4 e5 2. Nf3 Nf6 3. Nc3 Bb4 4. Nxe5 O-O 5. Be2 Re8 6. Nd3 Bxc3 7. dxc3 Nxe4
8. O-O d5 9. Nf4 c6 10. Be3 Nd6 11. Re1 Nd7 12. Nh5 Ne5 13. b3 Nf5 14. Bf4 Ng6
15. Bd2 Bd7 16. c4 dxc4 17. Bxc4 Rxe1+ 18. Bxe1 Ne5 19. Bf1 Be6 20. Bc3 Qc7 21.
Nf4 Re8 22. Nxe6 Rxe6 23. Be2 h6 24. Qc1 Ne7 25. Bb2 N5g6 26. Bc4 Nf4 27. Qd2
Rd6 28. Qe3 Nfd5 29. Qxa7 Rg6 30. Re1 Nf5 31. Bd3 Rg5 32. Qd4 Nde7 33. Qe4 Qd7
34. Ba3 Ng6 35. Qe8+ Qxe8 36. Rxe8+ Kh7 37. Bc1 Nd6 38. Re1 Rd5 39. f4 f5 40.
Kf2 Kg8 41. g3 Kf7 42. Kf3 Nf8 43. Re5 Ne6 44. Rxd5 cxd5 45. Bb2 g6 46. Ke3 Nc8
47. a4 Ke7 48. a5 Kd6 49. b4 Ne7 50. Ba3 d4+ 51. Kd2 Kd5 52. Bf1 Nc6 53. Kd3 Na7
54. Bg2+ Kd6 55. b5+ Kd7 56. Kc4 b6 57. axb6 Nc8 58. Bc6+ Kd8 59. b7 Nb6+ 60.
Kd3 1-0

[Event "Paul Keres Memorial 2015"]
[Site "Tallinn EST"]
[Date "2016.01.08"]
[Round "2.3"]
[White "Krupenski, Juri"]
[Black "Gelfand, Boris"]
[Result "1-0"]
[WhiteTitle "FM"]
[BlackTitle "GM"]
[WhiteElo "2406"]
[BlackElo "2735"]
[WhiteFideId "4501101"]
[BlackFideId "2805677"]
[EventDate "2016.01.08"]

1. d4 Nf6 2. c4 e6 3. Nc3 Bb4 4. e3 O-O 5. Ne2 d5 6. a3 Bd6 7. Ng3 c6 8. Be2
Nbd7 9. O-O dxc4 10. Bxc4 e5 11. Ba2 Nb6 12. dxe5 Bxe5 13. e4 Qe7 14. Nf5 Bxf5
15. exf5 Rad8 16. Qf3 Qc7 17. h3 Rd7 18. Bg5 h6 19. Bh4 Rd4 20. g4 Rfd8 21. Rfe1
Rd3 22. Qg2 R8d4 23. Re2 Nh5 24. gxh5 Rxh4 25. f6 Bxf6 26. Re8+ Kh7 27. Qg6+
fxg6 28. Bg8+ Kh8 29. Bf7+ 1-0

[Event "Paul Keres Memorial 2015"]
[Site "Tallinn EST"]
[Date "2016.01.08"]
[Round "2.4"]
[White "Fridman, Daniel"]
[Black "Kazakovskiy, Valeriy"]
[Result "1-0"]
[WhiteTitle "GM"]
[BlackTitle "IM"]
[WhiteElo "2624"]
[BlackElo "2387"]
[WhiteFideId "11600454"]
[BlackFideId "13507443"]
[EventDate "2016.01.08"]

1. d4 Nf6 2. Nf3 e6 3. c4 Bb4+ 4. Bd2 Qe7 5. g3 Nc6 6. Nc3 O-O 7. Bg2 Na5 8. b3
b6 9. O-O Bb7 10. Qc2 Rac8 11. a3 Bxc3 12. Bxc3 Be4 13. Qb2 Nb7 14. Rfe1 Nd6 15.
Bh3 Bf5 16. Bxf5 exf5 17. Qc2 Nde4 18. Bd2 Rfe8 19. Bf4 h6 20. d5 Ng4 21. Rf1
Qf6 22. Rae1 Ng5 23. Kg2 Nxf3 24. exf3 Ne5 25. Bc1 Qg6 26. Bb2 f4 27. Re4 Kh7
28. Qe2 fxg3 29. Bxe5 gxh2+ 30. Kh1 f5 31. Re3 Qh5 32. Bxh2 f4 33. Re4 1-0

[Event "Paul Keres Memorial 2015"]
[Site "Tallinn EST"]
[Date "2016.01.08"]
[Round "2.5"]
[White "Petursson, Margeir"]
[Black "Matlakov, Maxim"]
[Result "0-1"]
[WhiteTitle "GM"]
[BlackTitle "GM"]
[WhiteElo "2509"]
[BlackElo "2682"]
[WhiteFideId "2300028"]
[BlackFideId "4168003"]
[EventDate "2016.01.08"]

1. c4 c6 2. e4 d5 3. exd5 cxd5 4. d4 Nf6 5. Nc3 g6 6. cxd5 Bg7 7. Bb5+ Nbd7 8.
Nf3 O-O 9. O-O Nb6 10. Re1 Nbxd5 11. Bg5 Be6 12. Qd2 Rc8 13. Rac1 Nxc3 14. bxc3
Bd5 15. Qe3 Qa5 16. Bf1 Bxf3 17. Bxf6 Bxf6 18. Qxf3 Rc7 19. g3 Rfc8 20. Bh3 Rxc3
21. Rxc3 Rxc3 22. Qe4 Rc4 23. Rd1 Qxa2 24. Qd5 Qc2 25. Bg4 Kg7 26. Qd7 Qe4 0-1

[Event "Paul Keres Memorial 2015"]
[Site "Tallinn EST"]
[Date "2016.01.08"]
[Round "2.6"]
[White "Berkes, Ferenc"]
[Black "Vovk, Ilja"]
[Result "1-0"]
[WhiteTitle "GM"]
[BlackTitle "FM"]
[WhiteElo "2652"]
[BlackElo "2287"]
[WhiteFideId "718572"]
[BlackFideId "4501764"]
[EventDate "2016.01.08"]

1. d4 d5 2. Bf4 Nf6 3. e3 c5 4. c3 Nc6 5. Nd2 Qb6 6. Qb3 c4 7. Qc2 g6 8. b3 Bf5
9. Qb2 Rc8 10. Ngf3 Nb4 11. Rc1 Ne4 12. Nxe4 dxe4 13. g4 Nd3+ 14. Bxd3 exd3 15.
gxf5 Qc6 16. bxc4 Qxf3 17. Qb5+ Rc6 18. O-O Bh6 19. Bg3 O-O 20. Qd5 Qxf5 21.
Qxf5 gxf5 22. Rfd1 Rxc4 23. Rxd3 Rfc8 24. d5 f4 25. exf4 Bxf4 26. Re1 Bxg3 27.
Rxg3+ Kf8 28. Ree3 R8c5 29. Rh3 Rxd5 30. Rxh7 Rg5+ 31. Kf1 e6 32. Rf3 Rg7 33.
Rh8+ Ke7 34. h4 Rgg4 35. h5 Rh4 36. h6 Rcf4 37. Rxf4 Rxf4 38. Rb8 Rh4 39. Rxb7+
Kf6 40. Rxa7 Rxh6 41. Ke2 Rh3 42. Ra3 Ke5 43. Rb3 Kd6 44. a4 Kc5 45. a5 Rh8 46.
a6 Ra8 47. Ra3 Kb6 48. Ke3 Ka7 49. c4 Rh8 50. Kd4 Rh4+ 51. Kc5 Rf4 52. f3 e5 53.
Kb5 e4 54. fxe4 Rxe4 55. Rd3 Re7 56. Rd6 Re5+ 57. c5 f5 58. Rd7+ Kb8 59. Kb6 Re8
60. c6 f4 61. Rb7+ Ka8 62. Ra7+ Kb8 63. c7+ 1-0

[Event "Paul Keres Memorial 2015"]
[Site "Tallinn EST"]
[Date "2016.01.08"]
[Round "2.7"]
[White "Kukk, Sander"]
[Black "Eljanov, Pavel"]
[Result "0-1"]
[BlackTitle "GM"]
[WhiteElo "2201"]
[BlackElo "2760"]
[WhiteFideId "4502094"]
[BlackFideId "14102951"]
[EventDate "2016.01.08"]

1. b3 d5 2. e3 Nf6 3. Bb2 Bg4 4. Be2 Bxe2 5. Qxe2 Nbd7 6. Nf3 e6 7. O-O Bd6 8.
d4 O-O 9. Ne5 c5 10. Nd2 cxd4 11. exd4 Rc8 12. c4 b6 13. Rac1 Qe7 14. cxd5 exd5
15. Rfe1 Nb8 16. Qb5 Qb7 17. h3 a6 18. Qd3 Nc6 19. a3 Ne7 20. Rxc8 Rxc8 21. Rc1
b5 22. b4 Rxc1+ 23. Bxc1 Qc8 24. Nb3 Ne4 25. f3 Ng3 26. Bf4 Nh5 27. Bd2 f6 28.
Ng4 Qc4 29. Nf2 Ng3 30. Nc5 Nef5 31. Qxc4 bxc4 32. Nxa6 Nxd4 33. Nd1 Nde2+ 34.
Kf2 d4 0-1

[Event "Paul Keres Memorial 2015"]
[Site "Tallinn EST"]
[Date "2016.01.08"]
[Round "2.8"]
[White "Vitiugov, Nikita"]
[Black "Haimovich, Tal"]
[Result "1-0"]
[WhiteTitle "GM"]
[BlackTitle "IM"]
[WhiteElo "2721"]
[BlackElo "2377"]
[WhiteFideId "4152956"]
[BlackFideId "2801698"]
[EventDate "2016.01.08"]

1. e4 e5 2. Nf3 Nc6 3. Bc4 Nf6 4. d3 Be7 5. O-O O-O 6. Re1 d6 7. a4 Kh8 8. a5 a6
9. Nc3 Be6 10. Bg5 Nd4 11. Nxd4 exd4 12. Ne2 c5 13. Nf4 Bxc4 14. dxc4 Ng8 15.
Bxe7 Nxe7 16. e5 dxe5 17. Rxe5 Qd6 18. Nd3 Rac8 19. Qh5 f6 20. Rxc5 Nc6 21. Rd5
Qc7 22. Re1 g6 23. Qh3 Rcd8 24. Rxd8 Qxd8 25. b4 Re8 26. Rxe8+ Qxe8 27. Kf1 Kg7
28. Qf3 Qe7 29. b5 axb5 30. cxb5 Ne5 31. Nxe5 fxe5 32. a6 bxa6 33. bxa6 Qc5 34.
Qb3 Kh6 35. f3 Qa5 36. Qd3 Qa4 37. Kf2 Kg5 38. Kg3 Kf6 39. f4 exf4+ 40. Kxf4 Qb4
41. Ke4 Qe1+ 42. Kf3 Qa1 43. Ke4 Ke7 44. Kd5 Qa4 45. Kc5 Qa5+ 46. Kc6 Qa4+ 47.
Kb6 Qb4+ 48. Qb5 Qd6+ 49. Kb7 d3 50. cxd3 Qxh2 51. Qd5 Qg1 52. a7 Qb1+ 53. Kc6
Qa1 54. Kb6 Qb2+ 55. Qb5 Qa2 56. d4 Qe6+ 57. Kb7 1-0

[Event "Paul Keres Memorial 2015"]
[Site "Tallinn EST"]
[Date "2016.01.08"]
[Round "2.9"]
[White "Mastrokoukos, Georgios"]
[Black "Motylev, Alexander"]
[Result "0-1"]
[WhiteTitle "IM"]
[BlackTitle "GM"]
[WhiteElo "2309"]
[BlackElo "2656"]
[WhiteFideId "4200233"]
[BlackFideId "4121830"]
[EventDate "2016.01.08"]

1. d4 d5 2. Nf3 Nf6 3. c4 c6 4. e3 Bf5 5. Nc3 e6 6. Bd3 Bg6 7. Ne5 Bxd3 8. Qxd3
Bd6 9. O-O O-O 10. Nf3 Bb4 11. a3 Bxc3 12. bxc3 Nbd7 13. a4 Nb6 14. Nd2 Qc7 15.
a5 Nbd7 16. cxd5 cxd5 17. c4 Rfc8 18. c5 b6 19. cxb6 axb6 20. a6 h6 21. Nf3 Qc4
22. Qa3 Ra7 23. Bd2 Rca8 24. Qd6 Ne4 25. Qf4 g5 26. Qg4 Ndf6 27. Qh3 g4 28. Qxh6
gxf3 29. gxf3 Qe2 30. fxe4 Qg4+ 31. Kh1 Qf3+ 32. Kg1 Nxe4 33. Bb4 f6 0-1

[Event "Paul Keres Memorial 2015"]
[Site "Tallinn EST"]
[Date "2016.01.08"]
[Round "2.10"]
[White "Howell, David W L"]
[Black "Shishkov, Andrei"]
[Result "1-0"]
[WhiteTitle "GM"]
[BlackTitle "FM"]
[WhiteElo "2685"]
[BlackElo "2370"]
[WhiteFideId "410608"]
[BlackFideId "4500563"]
[EventDate "2016.01.08"]

1. c4 e6 2. Nc3 Bb4 3. g3 Nf6 4. Bg2 c5 5. e4 Nc6 6. Nge2 O-O 7. O-O d6 8. d3 h6
9. f4 a6 10. h3 Bd7 11. Be3 Rb8 12. Rc1 Qe7 13. Kh1 Rfc8 14. Qe1 b5 15. Qf2 Ne8
16. Rfd1 Nc7 17. Nb1 e5 18. f5 Ne8 19. g4 Nd4 20. Nec3 Bc6 21. Rg1 Ba5 22. Nd5
Qb7 1-0

[Event "Paul Keres Memorial 2015"]
[Site "Tallinn EST"]
[Date "2016.01.08"]
[Round "3.1"]
[White "Svidler, Peter"]
[Black "Kulaots, Kaido"]
[Result "0-1"]
[WhiteTitle "GM"]
[BlackTitle "GM"]
[WhiteElo "2751"]
[BlackElo "2571"]
[WhiteFideId "4102142"]
[BlackFideId "4500261"]
[EventDate "2016.01.08"]

1. Nf3 c5 2. c4 Nc6 3. e3 Nf6 4. d4 cxd4 5. exd4 d5 6. Nc3 Be6 7. Bg5 g6 8. Bxf6
exf6 9. a3 Bg7 10. Be2 O-O 11. O-O f5 12. Rc1 Rc8 13. b4 a6 14. c5 g5 15. b5
axb5 16. Bxb5 g4 17. Bxc6 bxc6 18. Ne5 f6 19. Nd3 Bh6 20. Ra1 Rb8 21. Ne2 Bc8
22. Nef4 Re8 23. Re1 Re4 24. Nh5 Kf7 25. Nb4 Qe8 26. g3 Kg6 27. Nf4+ Bxf4 28.
gxf4 Qd7 29. Qd2 Qc7 30. Rac1 Ra8 31. Rc3 Bd7 32. Rxe4 fxe4 33. Rb3 h5 34. Nc2
h4 35. Kf1 Bc8 36. Ke1 Ba6 37. h3 Bc4 38. Rc3 Rb8 39. Nb4 f5 40. Kd1 Kf6 41. Kc1
Rg8 42. Nc2 g3 43. fxg3 hxg3 44. Ne3 Bd3 45. Rb3 Ke6 46. Ng2 Bf1 47. Ne3 g2 0-1

[Event "Paul Keres Memorial 2015"]
[Site "Tallinn EST"]
[Date "2016.01.08"]
[Round "3.2"]
[White "Sveshnikov, Vladimir"]
[Black "Kovalenko, Igor"]
[Result "1-0"]
[WhiteTitle "IM"]
[BlackTitle "GM"]
[WhiteElo "2371"]
[BlackElo "2680"]
[WhiteFideId "11601884"]
[BlackFideId "14117908"]
[EventDate "2016.01.08"]

1. e4 g6 2. d4 Bg7 3. Nc3 a6 4. f4 d5 5. Nxd5 e6 6. Ne3 Qxd4 7. Qxd4 Bxd4 8. Nf3
Bg7 9. Bd3 Ne7 10. e5 Nbc6 11. Bd2 b6 12. O-O-O Bb7 13. c4 O-O-O 14. Bc3 Nf5 15.
Nxf5 gxf5 16. Ng5 Rdf8 17. Be2 h6 18. Nf3 Rfg8 19. g3 Bf8 20. a3 a5 21. Rd3 Be7
22. Rhd1 Nb8 23. Bd4 Be4 24. Rc3 Na6 25. Nd2 Bb7 26. Bh5 Rd8 27. Nf3 Rhf8 28.
Rcd3 Be4 29. R3d2 Bc6 30. Be3 Rxd2 31. Kxd2 Ba4 32. Rc1 Nc5 33. Ke2 Bc6 34. Nd4
Bb7 35. Bf3 Ne4 36. Nb5 h5 37. Nc3 h4 38. Nxe4 fxe4 39. Bg2 hxg3 40. hxg3 Rg8
41. Kf2 Bc6 42. Rd1 f6 43. exf6 Bxf6 44. b4 Bb2 45. bxa5 bxa5 46. Bc5 Rh8 47.
Re1 Rh5 48. Bf8 Bd4+ 49. Kf1 Rh2 50. Re2 a4 51. Bb4 Ba8 52. g4 c5 53. Be1 Kd7
54. g5 Bb7 55. Bg3 Rh8 56. Bxe4 Ba6 57. Bd3 Rh1+ 58. Kg2 Ra1 59. f5 Bb7+ 60. Kh3
Rxa3 61. fxe6+ Ke7 62. Bf5 Rf3 63. Bg4 Rf1 64. Bh4 Rh1+ 65. Kg3 Rg1+ 66. Kf4 Rh1
67. Kg3 1-0

[Event "Paul Keres Memorial 2015"]
[Site "Tallinn EST"]
[Date "2016.01.08"]
[Round "3.3"]
[White "Ladva, Ottomar"]
[Black "Fridman, Daniel"]
[Result "0-1"]
[WhiteTitle "IM"]
[BlackTitle "GM"]
[WhiteElo "2404"]
[BlackElo "2624"]
[WhiteFideId "4500024"]
[BlackFideId "11600454"]
[EventDate "2016.01.08"]

1. d4 Nf6 2. c4 e6 3. Nf3 d5 4. Nc3 c6 5. g3 dxc4 6. Bg2 Nbd7 7. O-O b5 8. Qc2
Bb7 9. Rd1 Be7 10. Ne5 Nd5 11. Nxd7 Qxd7 12. Ne4 Nb4 13. Qd2 Rd8 14. b3 O-O 15.
bxc4 bxc4 16. Rb1 Nd5 17. Qc2 Ba6 18. Bg5 f6 19. Bd2 Qc7 20. Nc5 Bxc5 21. dxc5
Qe7 22. e4 Nc7 23. Bb4 Rd3 24. Bf1 f5 25. Rxd3 cxd3 26. Bxd3 Bxd3 27. Qxd3 fxe4
28. Qxe4 Nd5 29. Re1 Kh8 30. Re2 Re8 31. Qc4 e5 32. Bc3 e4 33. Qd4 Qf7 34. Bb2
Qg6 35. Bc1 Qg4 36. Rb2 Qd7 37. Bf4 Kg8 38. Bd6 h6 39. Re2 Qf5 40. Qa4 e3 41.
Qxc6 exf2+ 42. Rxf2 Re1+ 0-1

[Event "Paul Keres Memorial 2015"]
[Site "Tallinn EST"]
[Date "2016.01.08"]
[Round "3.4"]
[White "Matlakov, Maxim"]
[Black "Novik, Maxim"]
[Result "1/2-1/2"]
[WhiteTitle "GM"]
[BlackTitle "GM"]
[WhiteElo "2682"]
[BlackElo "2477"]
[WhiteFideId "4168003"]
[BlackFideId "4102924"]
[EventDate "2016.01.08"]

1. d4 Nf6 2. c4 g6 3. Nc3 d5 4. Bg5 Ne4 5. Bh4 c5 6. cxd5 Nxc3 7. bxc3 Qxd5 8.
e3 Nc6 9. Qf3 Qxf3 10. Nxf3 e6 11. Rb1 cxd4 12. cxd4 Be7 13. Bg3 O-O 14. Bc4 b6
15. Kd2 Bb7 16. Rhc1 Rac8 17. a4 Na5 18. Bd3 Rxc1 19. Kxc1 Rc8+ 20. Kd2 Bc6 21.
Bb5 Be4 22. Bd3 Bc6 23. Bb5 Be4 24. Bd3 Bb7 1/2-1/2